书目信息 |
| 题名: |
国际象棋
|
|
| 作者: | 徐家亮 著 | |
| 分册: | ||
| 出版信息: | 北京 人民体育出版社 1997.09 |
|
| 页数: | 241页 | |
| 开本: | 19cm | |
| 丛书名: | 体育运动入门丛书 | |
| 单 册: | ||
| 中图分类: | G891.1 | |
| 科图分类: | ||
| 主题词: | 文娱性体育活动 | |
| 电子资源: | ||
| ISBN: | 7-5009-1477-6 | |
| 000 | 00662nam0 2200229 45 | |
| 001 | 0001061662 | |
| 005 | 20040509092628.2 | |
| 010 | @a7-5009-1477-6@dCNY10.00 | |
| 100 | @a20000106d1997 km y0chiy0120 ea | |
| 101 | @achi | |
| 105 | @a z 000yy | |
| 200 | 1 | @a国际象棋@f徐家亮著 |
| 210 | @a北京@c人民体育出版社@d1997.09 | |
| 215 | @a241页@d19cm | |
| 225 | @a体育运动入门丛书@f张贵敏,裴家荣主编 | |
| 410 | @12001 @a体育运动入门丛书 | |
| 410 | @1700 0@a裴家荣@APei Jia Rong@4主编@a张贵敏@AZhangGui Min@4主编 | |
| 606 | 0 | @a文娱性体育活动 |
| 690 | @aG891.1@v1 | |
| 701 | @a徐家亮@4著 | |
| 801 | @aCN@bTSTC@c20000106 | |
| 905 | @dG891.1@e151@f4@b284678-681 | |
| 国际象棋/徐家亮著.-北京:人民体育出版社,1997.09 |
| 241页;19cm.-(体育运动入门丛书/张贵敏,裴家荣主编) |
| ISBN 7-5009-1477-6:CNY10.00 |
| ● |
| 相关链接 |
|
|
|
|
正题名:国际象棋
索取号:G891.1/151
 
预约/预借
| 序号 | 登录号 | 条形码 | 馆藏地/架位号 | 状态 | 备注 |
| 1 | 0284678 | 002846781 | 第四借阅区/ [索取号:G891.1/151] | 在馆 | |
| 2 | 0284679 | 002846790 | 第四借阅区/ [索取号:G891.1/151] | 在馆 | |
| 3 | 0284680 | 002846807 | 密集书库/ [索取号:G891.1/151] | 在馆 | |
| 4 | 0284681 | 002846816 | 密集书库/ [索取号:G891.1/151] | 在馆 | |
| 5 | 0284682 | 002846825 | 第一样本阅览室/ [索取号:G891.1/151] | 在馆 |